| 000 | 00526nam a22001817a 4500 | ||
|---|---|---|---|
| 005 | 20170516143030.0 | ||
| 010 | _aENG-118174 | ||
| 020 |
_a9788193223253 _c195.00 |
||
| 035 | _aEN-101706 | ||
| 037 | _bDBAD/PUB | ||
| 082 | _a488.0072 | ||
| 100 | _aK. K. Singh | ||
| 245 |
_a1001 vocabulary question practice book / _cK. K. Singh |
||
| 260 |
_aDelhi _bMaheshwari Prakashan _c2016 |
||
| 270 | _a911/7C, Faridabad, - 121006 Delhi/NCR, | ||
| 300 |
_a127p. _c24cm. (pbk) |
||
| 942 |
_2ddc _cEN _h488.0072 _mSIN |
||
| 999 |
_c139956 _d139956 |
||